00612nam a2200205Ia 4500001001000000003000500010008004100015010001100056020001300067040000900080082001900089100001800108245012900126260004900255300000900304440001800313500004600331650001300377650001600390Para_3467CHAP220125s1922 xx 000 0 und d a202032 a(M/BAJA) cCHAP aPA-C 595.77 D5 aHine, James S aSome robberflies in the University of Michigan museum of Zoology, and the description of a new species /c by James S. Hine aAnn Arbor, Mich. :b University of Michigan a7 p. aDíptera; 10 aEncuadernado con otros impresos similares aAsilidae aDípteros